Online
Catalog

Manual de gestión de crisis política y corporativa / (Record no. 49043)

MARC details
000 -CABECERA
campo de control de longitud fija 01483nam a2200325 a 4500
001 - NÚMERO DE CONTROL
campo de control
003 - IDENTIFICADOR DEL NÚMERO DE CONTROL
campo de control OSt
005 - FECHA Y HORA DE LA ÚLTIMA TRANSACCIÓN
campo de control 20201104090644.0
008 - DATOS DE LONGITUD FIJA--INFORMACIÓN GENERAL
campo de control de longitud fija 130314s2020 dr a 001 0 spa d
020 ## - NÚMERO INTERNACIONAL ESTÁNDAR DEL LIBRO
Número Internacional Estándar del Libro 9789994093349
040 ## - FUENTE DE LA CATALOGACIÓN
Centro catalogador/agencia de origen DO-SdBNP
Lengua de catalogación spa
Centro/agencia transcriptor BNPHU
082 ## - NÚMERO DE LA CLASIFICACIÓN DECIMAL DEWEY
Número de clasificación 302.23
Número de documento/Ítem G216m
100 1# - ENTRADA PRINCIPAL--NOMBRE DE PERSONA
Nombre de persona García, Luis
9 (RLIN) 35829
245 10 - MENCIÓN DE TÍTULO
Título Manual de gestión de crisis política y corporativa /
Mención de responsabilidad, etc. Luis García
260 ## - PUBLICACIÓN, DISTRIBUCIÓN, ETC.
Lugar de publicación, distribución, etc. Santo Domingo :
Nombre del editor, distribuidor, etc. Búho,
Fecha de publicación, distribución, etc. 2020
300 ## - DESCRIPCIÓN FÍSICA
Extensión 190 p. ;
Otras características físicas
Dimensiones 23 cm.
500 ## - NOTA GENERAL
Nota general Incluye datos biográficos del autor en la solapa de la cubierta
504 ## - NOTA DE BIBLIOGRAFÍA, ETC.
Nota de bibliografía, etc. Bibliografía: p.187-190
505 0# - NOTA DE CONTENIDO CON FORMATO
Título Prólogo -- Generalidades acerca de la crisis -- Tipología de la crisis -- Política de comunicación -- Crisis política -- Crisis corporativa -- Cómo gestionar una crisis -- Estructura del manual de gestión de crisis Buenas practicas de gestión -- Componente ético en la comunicación -- Un caso paradigmático de crisis
-- Manual de procedimientos administrativos del Despacho Judicial Penal.
590 ## - NOTA LOCAL (RLIN)
Nota local Inventariado,2018/DG
650 #4 - PUNTO DE ACCESO ADICIONAL DE MATERIA--TÉRMINO DE MATERIA
Término de materia o nombre geográfico como elemento de entrada Comunicación
Subdivisión geográfica República Dominicana
Subdivisión general
9 (RLIN) 64490
Subdivisión de forma Manuales
650 #4 - PUNTO DE ACCESO ADICIONAL DE MATERIA--TÉRMINO DE MATERIA
Término de materia o nombre geográfico como elemento de entrada Cambio social
Subdivisión de forma Manuales
Subdivisión geográfica República Dominicana
Subdivisión general
9 (RLIN) 64491
650 #4 - PUNTO DE ACCESO ADICIONAL DE MATERIA--TÉRMINO DE MATERIA
Término de materia o nombre geográfico como elemento de entrada Globalización
Subdivisión geográfica República Dominicana
9 (RLIN) 8293
650 #4 - PUNTO DE ACCESO ADICIONAL DE MATERIA--TÉRMINO DE MATERIA
Término de materia o nombre geográfico como elemento de entrada Tecnologías de la información
Subdivisión general Comunicación.
9 (RLIN) 77131
650 #4 - PUNTO DE ACCESO ADICIONAL DE MATERIA--TÉRMINO DE MATERIA
Término de materia o nombre geográfico como elemento de entrada Redes sociales
Subdivisión geográfica República Dominicana
9 (RLIN) 43390
653 ## - TÉRMINO DE INDIZACIÓN--NO CONTROLADO
Término no controlado
910 ## - DATOS DE OPCIÓN DEL USUARIO (OCLC)
Datos de opción del usuario VMateo
942 ## - ELEMENTOS DE PUNTO DE ACCESO ADICIONAL (KOHA)
Fuente del sistema de clasificación o colocación Dewey Decimal Classification
Tipo de ítem Koha Libro
956 ## - LOCALIZACIÓN Y ACCESO ELECTRÓNICOS LOCAL (OCLC)
Nombre del host VMateo
Holdings
Estado de retiro Estado de pérdida Fuente del sistema de clasificación o colocación No para préstamo Código de colección Localización permanente Ubicación/localización actual Fecha de adquisición Fuente de adquisición Total de préstamos Signatura topográfica completa Código de barras Fecha visto por última vez Precio válido a partir de Tipo de ítem Koha Número de copia
    Dewey Decimal Classification Préstamo en sala Monografías: Libros y Folletos Biblioteca Nacional Pedro Henríquez Ureña General 04.11.2020 Editora Búho   BNPHU DS 302.23 G216m   04.11.2020 04.11.2020 Libro e.3
    Dewey Decimal Classification Excluido de préstamo Monografías: Libros y Folletos Biblioteca Nacional Pedro Henríquez Ureña Patrimonio Dominicano 04.11.2020 Editora Búho   BNPHU PD 302.23 G216m 2020-0374 04.11.2020 04.11.2020 Libro  
    Dewey Decimal Classification Excluido de préstamo Monografías: Libros y Folletos Biblioteca Nacional Pedro Henríquez Ureña Patrimonio Dominicano 04.11.2020 Editora Búho   BNPHU PD 302.23 G216m 2020-0375 04.11.2020 04.11.2020 Libro e.2

Powered by Koha